000
00292nam a22001457a 4500
020
_a
81-7409-099-1
041
_a
ENG
100
_a
Jain.R.K
245
_a
Production Technology
250
_a
5th
260
_a
Delhi
_b
Khanna Publishers
_c
1999
300
_a
1320
650
_a
FMP
856
_u
FMP
999
_c
302
_d
302